Orléans - Statistiques

Statistiques générales
  • Ce quiz a été pris 118 fois
  • Le résultat moyen est 5 sur 9
Statistiques - réponses
Hint Réponse % Correct
Dans quelle région se trouve la ville d'Orléans ? Centre Val de Loire
94%
Parc d'où le nom est tiré d'un scientifique français travaillant sur la rage Pasteur
83%
Nom de la place ou l'on retrouve une statue de Jeanne d'Arc Martroi
81%
Combien de fleurs de lyse peut on retrouver sur l'écusson d'Orléans ? 3
80%
Nom de la cathédrale d'Orléans Sainte Croix
54%
Pont emblématique de la ville d'Orléans George V
52%
Spécialité culinaire répute depuis le Moyen-Age sur Orléans Vinaigre
40%
Animal symbole de l'US Orléans ? guêpe
38%
Surnom historique d’Orléans cité johannique
4%
Aucun quiz correspondant
Distribution des résultats
% des personnes avec chaque résultat
Percentile par nombre de réponses
Votre historique - résultats
Vous n’avez pas pris ce quiz